| 000 | 00640nam a2200193 i 4500 | ||
|---|---|---|---|
| 001 | 60269 | ||
| 003 | ES-MaACL | ||
| 005 | 20250815151451.0 | ||
| 007 | t| | ||
| 008 | 031104s1954 sp ||||1| spa d | ||
| 100 | 1 |
_aEspresati, Carlos G. _947945 |
|
| 245 | 1 | 0 |
_aAzorín y la amistad _b: (escollos en sufragio de Gabril Miró) / _cCarlos G. Espresati. |
| 260 |
_aCastellón de la Plana : _b[s.n., _c1954] ( _fTip. F. Armengol) |
||
| 300 |
_aXIV, 45 p. ; _c21 cm. |
||
| 490 | 1 |
_aCrítica e ideas estéticas ; _v2 |
|
| 830 | 0 | 0 |
_aCrítica e ideas estéticas _v2 _9230548 |
| 852 |
_aES-MaACL _j1986-F-4 _bR.37244 |
||
| 999 |
_c60269 _d60269 |
||